Comprometidos con Cristo 2: libro del joven
Saved in:
| Hovedforfatter: | |
|---|---|
| Format: | Bog |
| Sprog: | spansk |
| Udgivet: |
Santiago
Instituto de Catequesis. Arzobispado de Santiago
1988
|
| Udgivelse: | 5a. ed |
| Fag: | |
| Tags: |
Tilføj Tag
Ingen Tags, Vær først til at tagge denne postø!
|
MARC
| LEADER | 00000nam a2200000 a 4500 | ||
|---|---|---|---|
| 001 | UCX0291 | ||
| 003 | CL-VaPUC | ||
| 008 | 890921e19880000CL |||||||||||||||||spa|d | ||
| 082 | 0 | 4 | |a 268.6 |b CAC |2 21 |
| 100 | 0 | |a Cáceres C., Eduardo |e author |9 315669 | |
| 245 | 1 | 0 | |a Comprometidos con Cristo 2: libro del joven |
| 250 | |a 5a. ed | ||
| 300 | |a 118 p | ||
| 942 | |c BK | ||
| 945 | |d 19890921 00:00:00 | ||
| 260 | |a Santiago |b Instituto de Catequesis. Arzobispado de Santiago |c 1988 | ||
| 500 | |a Incluye un guión del animador | ||
| 650 | 0 | |a Catequesis |9 314526 | |
| 583 | |a last modification |c 19890921 00:00:00 |k Rodrigo Vera | ||
| 999 | |c 221933 |d 221931 | ||
| 952 | |0 0 |1 0 |4 0 |6 268_600000000000000_CAC_1988 |7 0 |8 A |9 216014 |a BIBTEO |b BIBTEO |d 2019-11-15 |i 284589K |o 268.6 CAC 1988 |p 284589K |r 2025-01-17 |w 2019-11-15 |y BK |k ICR | ||
| 952 | |0 0 |1 0 |4 0 |6 268_600000000000000_CAC_1988 |7 0 |8 A |9 216015 |a BIBTEO |b BIBTEO |d 2019-11-15 |i 2845903 |o 268.6 CAC 1988 |p 2845903 |r 2025-01-17 |w 2019-11-15 |y BK |k ICR | ||